| 000 | 00637nam a2200229 a 4500 | ||
|---|---|---|---|
| 001 | BRCA_5493 | ||
| 005 | 20190320205113.0 | ||
| 008 | 020211s1923----sz-#######---#000-0#dut-# | ||
| 041 | _adut | ||
| 044 | _asz | ||
| 050 | 4 |
_aND653.G6 _b.P44 1923 |
|
| 100 | 1 |
_aPfister, Kurt _914037 |
|
| 245 | 1 | 0 |
_aHugo van der Goes _cKurt Pfister. |
| 260 |
_aBasel, Suiza _bBenno Schwabe _c1923 |
||
| 300 |
_a26 p. _bil. (algunas a color), 36 láminas _c32 cm. |
||
| 500 | _aIncluye catálogo de obras | ||
| 500 | _aE169 | ||
| 600 | 1 | 4 |
_aGoes, Hugo van der _d1435-1482 _914038 |
| 650 | 1 | 4 |
_aPintores holandeses _914039 |
| 902 | _aGFM | ||
| 942 |
_2lcc _cB |
||
| 999 |
_c5187 _d5187 |
||